000 00624nam a2200181Ia 4500
008 090630s9999 xx 000 0 und d
082 _b5900
100 _aमाडगुळकर ग. दि.
245 _aगीत रामायण.
_cमाडगुळकर ग. दि.
260 _bसंचालक प्रकाशन विभाग.
_c1976
300 _a183
600 _aमाडगुळकर ग. दि.
630 _aगीत रामायण.
655 _aकाव्य.
700 _aमाडगुळकर ग. दि.
730 _aगीत रामायण.
942 _cBOOK
999 _c257756
_d257756